000 01311cam a2200337 a 4500
001 30890
003 BD-RjUL
005 20211209051630.0
008 140412r19531920enk b 001 0 lat d
035 _a(OCoLC)1430841
_a(BD-RjUL)30977
040 _aKSU
_dOCL
_dm.c
_dEQO
_dBD-RjUL
_beng
_cUkOxU
041 1 _alat
_aeng
_hlat
082 _a188
_bSEA V-2 1953
090 _aPA6156.S4
_bE6 1917
099 _a*ML A.8AE.SEN2 - 5LUC-L - B7
100 1 _aSeneca, Lucius Annaeus,
_dapproximately 4 B.C.-65 A.D.
_970007
245 1 0 _aAd Lucilium epistulae morales /
_cSeneca ; with an English translation by Richard M. Gummere.
_nVolume. II
246 3 0 _aEpistulae morales
260 _aLondon :
_bHeinemann ;
_aCambridge, Mass. :
_bHarvard University Press,
_c1920 [Reprinted 1953].
300 _a3 v. 474 p.;
_c17 cm.
490 1 _aLoeb classical library ;
_v75-77
490 1 _aSeneca in ten volumes ;
_v4-6
500 _aImprint varies.
500 _aLater printings may include updated bibliographical data.
600 1 _a Seneca, Lucius Annaeus, -- ca. 4 B.C.-65 A.D. -- Epistulae ad Lucilium
_993853
830 0 _v75-77.
_993854
700 1 _aGummere, Richard M.
_q(Richard Mott),
_d1883-
_993830
830 0 _aLoeb classical library ;
_993855
942 _2ddc
_cBK
999 _c30890
_d30890